Statystyki dla Zawody na literę I

Kliknij tutaj aby rozwiązać quiz!

Ogólne statystyki

  • Ten quiz został rozwiązany 50 razy
  • Średni wynik to 4 z 10

Statystyki odpowiedzi

Zawód% Poprawnych
informatyk
82%
inżynier
68%
instruktor
43%
iluzjonista
36%
inspektor
36%
internista
36%
introligator
36%
ilustrator
27%
influencer
20%
inkwizytor
9%

Rozkład punktacji

Percentyl według liczby udzielonych odpowiedzi

Procent ludzi z każdym wynikiem

Twoja historia wyników

Nie rozwiązałeś tego quizu